Poesía lírica del Siglo de Oro.

Guardat en:
Dades bibliogràfiques
Altres autors: Rivers, Elías L. (Editor)
Format: Desconegut
Publicat: Madrid, España: Ediciones Cátedra, 2022.
Edició:35.ª edición.
Col·lecció:Letras Hispánicas
Matèries:
Etiquetes: Afegir etiqueta
Sense etiquetes, Sigues el primer a etiquetar aquest registre!

MARC

LEADER 00000 a2200000 4500
003 CL-VaPUC
005 20230616084856.0
008 230612t2022 ||||| |||| 00| 0 eng d
999 |c 441139  |d 441137 
020 |a 978-84-376-0174-8 
040 |c Pontificia Universidad Católica de Valparaíso 
082 7 |a 861.3 RIV 2022  |2 22 
100 |a Rivers, Elías L.   |9 882978  |e editor 
245 |a Poesía lírica del Siglo de Oro. 
250 |a 35.ª edición. 
260 |a Madrid, España:  |b Ediciones Cátedra,  |c 2022. 
300 |a 396 páginas.  
440 |a Letras Hispánicas  |9 861437 
583 |k GC  |c 20230612 
650 0 |a Poesía española  |9 264938  |y 1516-1699 
650 0 |a Poesía española renacentista  |9 474416 
650 0 |a Poesía española barroca   |9 883001 
942 |2 ddc  |c BK 
952 |0 0  |1 0  |2 ddc  |4 0  |6 861_300000000000000_RIV_2022  |7 0  |8 A  |9 590471  |a BIBEDU  |b BIBEDU  |c GEN  |d 2023-06-09  |e 13  |g 16220.00  |i 5657771  |l 1  |o 861.3 RIV 2022  |p 5657771  |r 2023-08-21  |s 2023-08-21  |t 1  |v 16220.00  |w 2023-06-09  |y BK  |k LIT 
952 |0 0  |1 0  |2 ddc  |4 0  |6 861_300000000000000_RIV_2022  |7 0  |8 A  |9 590472  |a BIBEDU  |b BIBEDU  |c GEN  |d 2023-06-09  |e 13  |g 16220.00  |i 5657773  |l 1  |o 861.3 RIV 2022  |p 5657773  |r 2023-08-21  |s 2023-08-21  |t 3  |v 16220.00  |w 2023-06-09  |y BK  |k LIT 
952 |0 0  |1 0  |2 ddc  |4 0  |6 861_300000000000000_RIV_2022  |7 0  |8 A  |9 590473  |a BIBEDU  |b BIBEDU  |c GEN  |d 2023-06-09  |e 13  |g 16220.00  |i 5657772  |l 1  |o 861.3 RIV 2022  |p 5657772  |r 2023-08-21  |s 2023-08-21  |t 2  |v 16220.00  |w 2023-06-09  |y BK  |k LIT